|
|
|
|
| LEADER |
01122nam a2200337 a 4500 |
| 001 |
000534131 |
| 003 |
CZ BrMZK |
| 005 |
20060403131711.0 |
| 007 |
ta |
| 008 |
000115s2000 xr f cze d |
| 015 |
|
|
|a cnb000963685
|
| 020 |
|
|
|a 80-7179-422-8
|
| 035 |
|
|
|a (OCoLC)85001308
|
| 040 |
|
|
|a BOA001
|b cze
|
| 072 |
|
7 |
|a 005
|x Management. Řízení
|2 Konspekt
|9 4
|
| 080 |
|
|
|a 005.21
|2 MRF
|
| 080 |
|
|
|a (035)
|2 MRF
|
| 100 |
1 |
|
|a Sedláčková, Helena
|7 jo20000063492
|4 aut
|
| 245 |
1 |
0 |
|a Strategická analýza /
|c Helena Sedláčková
|
| 250 |
|
|
|a Vyd. 1.
|
| 260 |
|
|
|a Praha :
|b C.H. Beck,
|c 2000
|
| 300 |
|
|
|a x, 101 s. ;
|c 24 cm
|
| 490 |
1 |
|
|a C.H. Beck pro praxi
|
| 500 |
|
|
|a Bibliogr.
|
| 650 |
0 |
7 |
|a strategický management
|7 ph116291
|2 czenas
|
| 655 |
|
7 |
|a příručky
|7 fd133209
|2 czenas
|
| 830 |
|
0 |
|a C.H. Beck pro praxi
|0 s
|
| 856 |
4 |
1 |
|u http://www.digitalniknihovna.cz/mzk/uuid/uuid:79fe9f90-0373-11e4-89c6-005056827e51
|y Digitalizovaný dokument
|x NDK
|
| 910 |
|
|
|a BOA001
|b 2-1077.357
|
| 990 |
|
|
|a BK
|
| 996 |
6 |
|
|b 2610121669
|c 2-1077.357
|l MZK
|r Sklad / do 1 hodiny
|n 141
|p p.v.
|w 000534131
|u 000010
|a 1
|e BOA001
|j MZK50
|s P
|